000 00382pab a2200169 454500
008 180718b2004 xxu||||| |||| 00| 0 eng d
100 _aOnslow, John
245 _aWar, terrorism and human rights
260 _c2004
300 _ap.84-102.
362 _aWinter
650 _aHuman rights
650 _aWar
650 _aTerrorism
773 _aAdministration
909 _a66570
999 _c66570
_d66570